Each Premier League Penalty Taker 24/25 - Statistics

General Stats
  • This quiz has been taken 23 times
  • The average score is 19 of 23
Answer Stats
Club Taker Amount Taken Conversion Rate Position % Correct
(2 Takers) Bukayo Saka 1 100% Right Winger
100%
Manchester City Erling Haaland 4 75% Centre-Forward
100%
Tottenham Hotspur Heung-min Son 2 50% Left Winger
100%
Arsenal FC Martin Ødegaard 1 100% Attacking Midfield
100%
Liverpool FC Mohamed Salah 9 100% Right Winger
100%
Aston Villa Ollie Watkins 2 100% Centre-Forward
100%
Newcastle United Alexander Isak 4 100% Centre-Forward
95%
Manchester United Bruno Fernandes 3 100% Attacking Midfield
95%
Brentford FC Bryan Mbeumo 6 83% Right Winger
95%
Nottingham Forest Chris Wood 3 100% Centre-Forward
95%
(2 Takers) Eberechi Eze 2 50% Attacking Midfield
95%
Leicester City Jamie Vardy 2 50% Centre-Forward
95%
Chelsea FC Cole Palmer 5 80% Attacking Midfield
90%
Ipswich Town Liam Delap 2 100% Centre-Forward
90%
Crystal Palace Jean-Philippe Mateta 2 100% Centre-Forward
86%
Brighton & Hove Albion João Pedro 5 100% Centre-Forward
81%
AFC Bournemouth Justin Kluivert 6 100% Attacking Midfield
71%
Fulham FC Raúl Jiménez 3 100% Centre-Forward
71%
Everton FC Iliman Ndiaye 2 100% Left Winger
67%
West Ham United Lucas Paquetá 2 100% Attacking Midfield
62%
(2 Takers) Marco Asensio 2 0% Attacking Midfield
52%
Southampton FC Adam Armstrong 1 0% Centre-Forward
43%
(2 Takers) Cameron Archer 1 0% Centre-Forward
29%
No matching quizzes found
Score Distribution
Percent of People with Each Score
Percentile by Number Answered
Your Score History
You have not taken this quiz